000 00347nam a2200133Ia 4500
008 231129s9999||||xx |||||||||||||| ||spa||
020 _a84-8280-025-1 (v.1).
040 _bspa
082 _aR 809 H673
245 0 _aHistoria universal de la literatura
260 _c198
264 _aOveja Negra
942 _2ddc
_cBKS
999 _c15343
_d15343